| 000 | 04126nam0a2200433 4500 | ||
|---|---|---|---|
| 001 | RU\NLR\BIBL_A\016252183 | ||
| 005 | 20230120113856.0 | ||
| 021 |
_aRU _bКН-П-22-087338 _9КН-П-22-7742 |
||
| 035 | _a(NLR Aleph) 016252183 | ||
| 035 | _a(RuMoRGB)011453743 | ||
| 090 |
_a12831094 _c12831094 |
||
| 100 | _a20230109d2022 u y0rusy50 ca | ||
| 101 | 0 | _arus | |
| 102 | _aRU | ||
| 105 | _a |||g|||001zy | ||
| 181 | 0 |
_ai3 _baxxe |
|
| 182 | 0 | _an | |
| 200 | 1 |
_aМинералы Южного Урала. Минералы Челябинской области _eэнциклопедия уральского камня _eсправочник _fС. В. Колисниченко, В. А. Попов, С. Г. Епанчинцев, А. М. Кузнецов |
|
| 203 |
_aТекст _bвизуальный _cнепосредственный |
||
| 205 | _a4-е изд. | ||
| 210 |
_a[Челябинск] _cКамневеды _cСанарка _d2022 |
||
| 215 |
_a414 с. _cил., цв. ил. _d23 |
||
| 300 | _a"Минералы Южного Урала" - переизд. кн. "Все минералы Южного Урала" | ||
| 320 | _aБиблиогр.: с. 274-291 | ||
| 320 | _aУказ. минералов Юж. Урала (Челяб. обл.): с. 6-260 | ||
| 330 | _a"Минералы Южного Урала" - переиздание книг "Все минералы Южного Урала" (2014) и "Минералы Южного Урала" (2017), (2019) в формате походного справочника. Это четвертая книга С. В. Колисниченко с соавторами в серии "Энциклопедия уральского камня". В этой серии ранее вышли: "Удивительные минералы Южного Урала" (2004), "Яшмовый пояс Южного Урала" (2007), "Русская Бразилия на Южном Урале" (2008), "Горный хрусталь на Южном Урале" (2022). В четвертом издании авторы дополнили новыми находками и открытиями минералов уникальный, максимально достоверный материал по минералогии и топографии минералов Челябинской области - части Южного Урала. Челябинская область занимает четверть всего Уральского хребта, и, по подсчету авторов, на ее территории известно около полутора тысяч минералов и их разновидностей - это все минералы Южного Урала. Книга создана для коллекционеров, любителей минералов и природы Южного Урала. Также она будет полезна специалистам - геологам, минералогам, географам, преподавателям, студентам, аспирантам и учащимся - юным геологам | ||
| 451 | 0 |
_12001#$aВсе минералы Южного Урала _tВсе минералы Южного Урала |
|
| 606 | 1 |
_aМинералы _jСправочники _yУрал Южный _91270069 _3RU\NLR\AUTH\66204885 |
|
| 675 |
_a549(470.55/.58) _v4 |
||
| 686 | 1 | _aД330.09(2Р36,7)я2 | |
| 701 | 1 |
_aКолисниченко _bС. В. _gСергей Васильевич _9160820 _3RU\NLR\AUTH\770160862 |
|
| 701 | 1 |
_7ca _8rus _aПопов _bВ. А. _cд-р геол.-минерал. наук _f1941- _gВладимир Анатольевич _935511 _3RU\NLR\AUTH\7752578 |
|
| 701 | 1 |
_aЕпанчинцев _bС. Г. _cминералог _gСергей Г. _9160816 _3RU\NLR\AUTH\770160858 |
|
| 701 | 1 |
_aКузнецов _bА. М. _cминералог _gАлексей М. _9160815 _3RU\NLR\AUTH\770160857 |
|
| 942 | _cBOOK | ||
| 980 | _aNB | ||